000 01443nam a2200337 c 4500
003 BLK
005 20230425152522.0
008 180409b bul|||||r ||||||| ||bul||
010 _aKNG00145873000
040 _aBLK
041 _aBUL
_cBUL
080 _aБългарска литература
_b821.163.2
_x-93-32
_z821.163.2-93-32
100 1 _aГригоров, Крум
_eпърви автор
_gЗахариев, Крум Григоров
_9377033
700 1 _aДенчев, Кою
_qСтанчев, Кою Денчев
_9379198
700 1 _aЗахариев, Крум Григоров
_e*
_9276532
139 _aГригоров, Крум
_bГ 82
245 1 0 _aЗимни гости
_bРазказ за деца
_cКрум Григоров; ил. Кою Денчев; * Крум Григоров Захариев.
257 _aBGR
260 София
_bБълг. художник
_c1970
300 _a16 с.
_bс ил.
_c22 см
380 _aDX
490 1 _aБиблиотека Златен сноп
_v№ 14
500 _aПълното име на авт. е Крум Григоров Захариев. - Кор. опис. - 40 113 тир.
653 _aдетска литература
653 _aлитература за деца
852 _aЦб 260797
856 4 _qpdf
_u
856 4 _qpdf
_u
942 _cKNG
_n0
944 _aCR
_c15.07.2013
_l15.07.2013 - от С1,Р / 15.07.2013
_kИвелин_Иванов
944 _aED
_c15.07.2013
_l15.07.2013 - от С1,Р / 15.07.2013
_k
999 _c139823
_d139823